Normal view
MARC view
- Estabaya, Jake Raul D.
Entry Personal Name
001 - CONTROL NUMBER
- control field: 36822
003 - CONTROL NUMBER IDENTIFIER
- control field: OSt
005 - DATE AND TIME OF LATEST TRANSACTION
- control field: 20190208115517.0
008 - FIXED-LENGTH DATA ELEMENTS
- fixed length control field: 190208|| aca||aabn | a|a d
040 ## - CATALOGING SOURCE
- Original cataloging agency: OSt
- Transcribing agency: OSt
100 ## - HEADING--PERSONAL NAME
- Personal name: Estabaya, Jake Raul D.
670 ## - SOURCE DATA FOUND
- Source citation: Work cat.: (OSt): Estabaya, Jake Raul D., Advertisement on Children buying behavior of the Government School in Digos City /, November 2018.
